Deutsche Lieder nach Buchstabe - G - Statistiken

Allgemein
  • Dieses Quiz wurde 249 mal gespielt
  • Das Durchschnittsergebnis liegt bei 7 aus 18
Antwortstatistiken
Titel Interpret % Korrekt
Griechischer Wein Udo Jürgens
87%
Geboren um zu leben Unheilig
83%
Guildo hat euch lieb! Guildo Horn
68%
Geile Zeit Juli
66%
Geiles Leben Glasperlenspiel
48%
Goldener Reiter Joachim Witt
43%
Guten Morgen, liebe Sorgen Jürgen von der Lippe
43%
Ganz in Weiß Roy Black
42%
Gib ihm Shirin David
42%
Großer Bruder Zlatko & Jürgen
37%
Gib mir Sonne Rosenstolz
35%
Gewinner Clueso
20%
Guten Morgen, Sonnenschein Nana Mouskouri
17%
Geboren um dich zu lieben DJ Ötzi / Nik P.
13%
Glücksmoment Prince Damien
11%
Guten Morgen Barbarossaplatz Querbeat
9%
Ganz Paris träumt von der Liebe Caterina Valente
8%
Gute Menschen Ok Kid
5%
Keine übereinstimmenden Quizze gefunden
Verteilung der Resultate
Anzahl Personen mit jedem Resultat
Perzentil nach korrekt beantworteten Fragen
Ihre Resultats-Entwicklung
Sie haben dieses Quiz noch nicht gespielt